Statistics for Most powerful passports in 2019

Click here to take the quiz!

General Stats

  • This quiz has been taken 27 times
  • The average score is 27 of 32

Answer Stats

HintAnswer% Correct
United States
100%
Canada
96%
3.Denmark (187)
96%
2.Finland (188)
96%
4.France (186)
96%
1.Japan (190 destinations)
96%
Spain
96%
Sweden
96%
5.Austria (185)
92%
Germany
92%
Netherlands
92%
Norway
92%
United Kingdom
92%
9.Australia (181)
88%
6.Belgium (184)
88%
Portugal
88%
Switzerland
88%
Iceland
84%
Ireland
84%
Italy
84%
Luxembourg
84%
8.New Zealand (182)
84%
South-Korea
84%
Greece
80%
Singapore
76%
Slovenia
72%
Slovakia
68%
10.Hungary (180)
64%
Malta
56%
Latvia
52%
Lithuania
52%
7.Czech Republic (183)
48%

Score Distribution

Percentile by Number Answered

Percent of People with Each Score

Your Score History

You have not taken this quiz